000 00443nam a2200181Ia 4500
005 20241128030809.0
008 240331s9999 xx 000 0 und d
020 _a9789889966935
082 _bASI
_a6413
245 0 _aAsia literary review Vol.6 winter 2007
260 _aHong Kong
_bPrint Work Limited
_c2007
300 _a262 p .,
650 _aFiction
650 _aPoems
650 _aEssays
700 _aWood, C.
_eedt
942 _cL
999 _c4451
_d4451